000 00559nam a22001931a 4500
001 2845
003 OSt
005 20260204211828.0
008 040403s1986||||dr ||||||b||||||||||spa||
050 _aRD 378.1 H43p
082 _aRD 378.1 H431p
100 _aHernández, Pablo María
245 _aUniversidad y currículum / Pablo María Hernández
264 _aSanto Domingo : UASD
300 _a229 p.
500 _aIncluye indice.
650 _a1.Universidades - Organización y Administración 2.Universidad República DominicanaÌ
942 _2ddc
_cBK
999 _c2845
_d2845